Quizzes
Events
Quiz Creation
Community
Videos
Private Events
Remove Ads
Sign In
Join for FREE
Feedback
Dark Mode
Quiz Categories
Sports
Geography
Music
Movies
Television
Just For Fun
Miscellaneous
History
Literature
Language
Science
Gaming
Entertainment
Religion
Holiday
For Kids
Quiz Lab
Recent
Popular Today
Quiz Kudos Today
Editor Picks
Curator Picks
Quizzes by...
Day
Popularity
Type
Ratings
Length
Year
Community
Subscriptions
Recent Discussions
Orange Saloon
Badges
Playlists
Quests
Create
Leaderboards
Showdown
Live 5
Trivia Bingo
Activity
Puzzle Library
Sporcle Events
Private Events
Virtual Trivia
Globe League
Become a Host
Pub Owners
SporcleCon
Opinionation
Our Games
Videos
Blog
Mobile Apps
Partnerships
Remove Ads and Go Orange
Feedback
Science
Computer
Plants
Astronomy
Chemistry
Elements
Math
Animal
Physics
Anatomy
Biology
Geology
General Science
Science
Computer
Plants
Astronomy
Chemistry
Elements
Math
Animal
Physics
Anatomy
Biology
Geology
General Science
Random Quiz
Search Sporcle
×
Quiz Lab
Quiz Lab
Science
Animal
Type in answers that appear in a list
Type in answers that appear in a list
Classic
Best Score? Go Orange.
Conservation Biology Stats
Can you name the Animal
By
hazfw91
15m
79 Questions
8 Plays
8 Plays
8 Plays
Comments
Comments
Give Quiz Kudos
Give Quiz Kudos
-
- Ratings
hide this ad
More Info
Replay
Link that replays current quiz
Next Quiz
Link to next quiz in quiz playlist
You Got
0%
They Got
Avg Score
20%
Avg Friend Score
Upgrade to see
Score Distribution
Jump to the score distribution portion of the page
Score
0/79
Timer
15:00
0
Plays Today
Common Name
Scientific Name
% Correct
Grey Wolf
Canis lupus
75%
Peregrine falcon
Falco peregrinus
50%
African Wild Dog
Lycaon pictus
50%
Killer Whale
Orcinus orca
50%
Spotted Hyena
Crocuta crocuta
50%
Mountain Gorilla
Gorilla beringei beringei
37.5%
American alligator
Alligator mississippiensis
37.5%
Atlantic Salmon
Salmo salar
37.5%
Dodo
Raphus cucullatus
37.5%
Blue Whale
Balaenoptera musculus
37.5%
Quagga
Equus quagga quagga
37.5%
Manatee
Trichechus manatus
37.5%
African Forest Elephant
Loxodonta cyclotis
37.5%
Elk
Cervus canadensis
37.5%
Bighorn Sheep
Ovis canadensis
37.5%
Guinea Baboon
Papio papio
37.5%
American Mink
Neovison vison
37.5%
Californian Condor
Gymnogyps californianus
25%
Brown Pelican
Pelicanus occidentalis
25%
Kirtlands Warbler
Dendroica kirtlandii
25%
Philippine Eagle
Pythecophaga jefferyi
25%
Frog Skin Bacteria
Janthinobacterium lividium
25%
Azure winged magpie
Cyanopica cyanus
25%
Ground sloth Genus
Megatherium
25%
Elephant Birds
Aepyornithidae
25%
Black Rhino
Diceros bicornis
25%
Sea Otter
Enhydra lutris
25%
Kelp Order
Laminariales
25%
Green Sea Turtle
Chelonia mydas
25%
Red Knot
Calidris canutus
25%
Fruit bat genus
Pteropodidae
25%
Tasmanian Tiger
Thylacinus cynocephalus
25%
Tasmanian Devil
Sarcophilus harrissi
25%
Speke's Gazelle
Gazella Spekei
25%
Song Sparrow
Melospiza melodia
25%
Mauritius Kestrel
Falco punctatus
25%
Adder
Vipera berus
25%
Cheetah
Accinonyx jubatus
25%
Brown Hyena
Hyaena brunnea
25%
Starfish Genus
Pisaster
25%
Common Name
Scientific Name
% Correct
American Beaver
Castor canadensis
25%
Herbaceous low/
high CO2
Prunella vulgaris
25%
Perennial grass gentotypic response
Bromus erectus
25%
Robin
Erithacus rubecula
25%
Wood Duck
Aix sponsa
25%
Atlantic Cod
Gadus morhua
25%
Philippines Crocodile
Crocodylus mindorensis
25%
Collared Pecary
Pecari tajacu
25%
Black-
Footed ferret
Mustela nigripes
25%
Sun Tailed Guenon
Cercopithecus solatus
12.5%
Pink Pigeon
Nesoenas mayeri
12.5%
Florida scrubjay
Aphelocoma coerulescens
12.5%
Large Blue Butterfly
Maculinea arion
12.5%
Deepwater Cisco
Coregonus johannae
12.5%
Harbor Seal
Phoca vitulina
12.5%
Chaffinch
Fringilla coelebs
12.5%
European Mink
Mustela lutreola
12.5%
Asian Elephant
Elephas maximus
12.5%
Krill
Euphausiacea
0%
Sea Urchin genus:
Strongylocentrotus spp.
0%
Steller Sea Lion
Eumetopias jubatus
0%
Horseshoe crab Family
Limulidae
0%
Glanville Fritillary
Melitaea cinxia
0%
Sea Lamprey
Petromyzon marinus
0%
Blackfin Cisco
Coregonus nigripinnis
0%
Western Grebe
Aechmophorus occidentalis
0%
Orange-
Tip Butterfly
Anthocharis cardamines
0%
Speckled wood
Pararge aegeria
0%
White-
Tailed Deer
Odocoileus virginianus
0%
Ground Squirrel
Spermophilus columbianus
0%
Chipmunk
Tamius striatus
0%
Seychelles Warbler
Acrocephalus seychellensis
0%
Red Flour Beetle
Triboleum castaneum
0%
Waldrapp Ibis
Geronticus eremita
0%
Baiji
Lipotes vexillifer
0%
Mona Monkey
Cercopithecus campbelli
0%
Green Monkey
Chlorocebus sabaeus
0%
Hawaiian Stilt
Himantopus mexicanus knudseni
0%
Island Fox
Urocyon littoralis
0%
Quiz Playlist
Details
Report
Send in Message
Add To Playlist
More Info:
Cardiff University Bioscience
Classic:
Type in answers that appear in a list
Last Updated: Feb 16, 2017
Quiz Scoreboard
CHALLENGE
Sign Up to Join the Scoreboard
Show All
Scores
Hide
Comments
May contain spoilers
Recently Published
9x9 Crossword: Cartoon Network
by jackfrog10
Miscellaneous
3m
College Basketball Coaching Resumes
by pancakes188
Sports
9m
Billboard Blitz: Fleetwood Mac
by CooCooCachoo
Music
15s
More to Explore
Quiz From the Vault
Featured Blog Post
Where Did the Easter Bunny Come From?
hide this ad
You Might Also Like...
Tags
Animal Quiz
Biology Quiz
common
Conservation
Reference
Today's Top Quizzes in Science
Browse Science
hide this ad
Today's Top Quizzes in Animal
Browse Animal
Top Contributed Quizzes in Science
1
Quick Pick: Radians
2
Quick Pick: 'CI-CJ' Animals
3
The First 100 Digits of Pi
4
Elements In Images
5
One Thing in Common: Science
6
Science Jokes
7
One Thing in Common: Science II
8
Name the Acid, Base or Salt
9
One Thing in Common: Animals
10
One Thing in Common: Science III
Explore More
Trending Topics
Anime
Harry Potter
Kpop
Disney
NBA
Crossword
Marvel
Song
WWE
NFL
Soccer
The Office
Pokémon
Puzzle
Country
hide this ad
More By:
hazfw91
Quiz
Plays
Rating
Category
Featured
Created
Animal Parasitology
26
Science
May 4, 2014
Conservation Biology
8
Science
May 4, 2014
Animal Behaviour
7
Science
May 3, 2014
Go to Creator's Profile
Score Distribution
Quiz Creator Spotlight
hazfw91
Follow
Send a Message
Quizzes Created
-
Created Quiz Play Count
-
More By This Creator
Popular Quizzes Today
1
Find the US States - No Outlines Minefield
2
Find the Countries of Europe - No Outlines Minefield
3
The Countries of the World
4
Find the US States
5
Risky Map Clicking: Biggest States A-Z
6
US States
7
Popular People in 1961
8
Movies - When Are They Set?
More Science Quizzes
Symbol Cryptogram: Elements
Published
Trending Quizzes
Risky Map Clicking: Least Populous States A-Z
1-10 Letter G Words
1-10 Letter F Words
Risky Map Clicking: Next State Alphabetically
Adjectives in 80s TV Shows
Recently Updated
Leaping Animals
pecheneg
Reality TV Shows (A-Z)
bhenderson79
Rickey Henderson's Hall of Fame Teammates
pecheneg
Champions League XIs: Arsenal
pecheneg
Quick Pick: Celebrities in WWE's Hall of Fame
aduchscher
A-Z Keypad Blitz II
pecheneg
Multiple Oscar Actors
pecheneg
Mystery Phrase Blitz: Oscar 'Best Actors'
pecheneg
F. Scott Fitzgerald Novels
LTH
Pick 3 Villains
ddd62291
Trending Topics
Disney
Kpop
NBA
Anime
Crossword
Marvel
Harry Potter
Puzzle
WWE
Song
Pokémon
NFL
Soccer
The Office
Country
Your Account Isn't Verified!
In order to create a playlist on Sporcle, you need to verify the email address you used during registration. Go to your
Sporcle Settings
to finish the process.
Report this User
Report this user for behavior that violates our
Community Guidelines
.
Details:
Send Report
Go to the Sporcle.com Mobile Site →
Comments